| 000 | 01171cam a2200301 a 4500 | ||
|---|---|---|---|
| 001 | 13654733 | ||
| 003 | OSt | ||
| 005 | 20180207141532.0 | ||
| 008 | 040714s2003 enka b 001 0 eng | ||
| 010 | _a 2004556125 | ||
| 020 | _a0340810017 | ||
| 040 |
_aDLC _cDLC _dDLC |
||
| 050 | 0 | 0 |
_aRB111 _b.L25 2003 |
| 082 | 0 | 0 |
_aQZ 33 B292s 2003 _222 |
| 100 |
_aSunil R. Lakhani [et...al] _912439 |
||
| 245 | 0 | 0 |
_aBasic Pathology: _ban introduction to the mechanisms of disease |
| 250 | _a3rd ed. | ||
| 260 |
_aLondon ; _bArnold, _c2003. |
||
| 300 |
_a296 p. : _bcol. ill. ; _c25 cm. |
||
| 504 | _aIncludes bibliographical references and index. | ||
| 650 | 0 |
_aPathology. _937 |
|
| 856 | 4 | 2 |
_3Publisher description _uhttp://www.loc.gov/catdir/enhancements/fy0621/2004556125-d.html |
| 856 | 4 | 1 |
_3Table of contents only _uhttp://www.loc.gov/catdir/enhancements/fy0621/2004556125-t.html |
| 856 | 4 | 2 |
_3Contributor biographical information _uhttp://www.loc.gov/catdir/enhancements/fy1302/2004556125-b.html |
| 906 |
_a7 _bcbc _corigcop _d2 _encip _f20 _gy-gencatlg |
||
| 942 |
_2z _cSLOAN |
||
| 999 |
_c686 _d686 |
||